WWE 2K24 Roster - Statistics

General Stats
  • This quiz has been taken 56 times
  • The average score is 133 of 329
Answer Stats
Hint Answer % Correct
HOF Booker T
86%
Booker T '01
86%
Smackdown Roman Reigns
83%
Raw Jey Uso
81%
Smackdown Jimmy Uso
81%
HOF Triple H
78%
Raw Cody Rhodes
75%
Raw Seth Rollins
75%
Seth Rollins '14
75%
Seth Rollins '15
75%
Legend The Rock
75%
The Rock '01
75%
The Rock '24
75%
HOF Undertaker
75%
Undertaker '03
75%
Undertaker '09
75%
Undertaker '14
75%
Undertaker '20
75%
Undertaker '98
75%
Raw Big E
72%
Manager Paul Heyman
72%
Smackdown Randy Orton
72%
DLC CM Punk
69%
Raw Dirty Dominik Mysterio
69%
Raw Drew Mcintyre
69%
HOF Hulk Hogan
69%
Raw Kofi Kingston
69%
Smackdown Rey Mysterio
69%
Rey Mysterio '06
69%
Rey Mysterio Jr.
69%
Legend Bray Wyatt
67%
HOF Kane
67%
Legend The Fiend Bray Wyatt
67%
Smackdown AJ Styles
64%
Raw Dakota Kai
64%
HOF Dusty Rhodes
64%
Legend John Cena
64%
Raw Liv Morgan
64%
Raw Rhea Ripley
64%
Rhea Ripley '17
64%
Rhea Ripley '20
64%
Rhea Ripley '23 (Crown Jewel)
64%
Rhea Ripley (HHH)
64%
Raw Sami Zayn
64%
HOF Stone Cold Steve Austin
64%
Raw Xavier Woods
64%
Raw Xia Li
64%
Smackdown Bayley
61%
Smackdown Charlotte Flair
61%
Smackdown Kevin Owens
61%
Smackdown Bianca Belair
58%
Bianca Belair '17
58%
Bianca Belair (64 Bit)
58%
HOF Bret Hart
58%
DLC Carlito
58%
Raw Finn Balor
58%
Raw Iyo Sky
58%
Smackdown Solo Sikoa
58%
Stone Cold Steve Austin '01
58%
Stone Cold Steve Austin '97
58%
Raw The Miz
58%
Legend Batista
56%
Legend Batista '08
56%
Bret Hart '92
56%
Raw Bron Breakker
56%
Raw Damian Priest
56%
Raw Gunther
56%
HOF Jimmy Hart
56%
HOF Kurt Angle
56%
DLC Nia Jax
56%
HOF Stephanie McMahon
56%
HOF Yokozuna
56%
HOF Andre The Giant
53%
NXT Carmelo Hayes
53%
NXT Cora Jade
53%
DLC Kairi Sane
53%
Smackdown Karrion Kross
53%
Smackdown Logan Paul
53%
Raw Ludwig Kaiser
53%
Macho Man Randy Savage
53%
Raw Nikki Cross
53%
HOF Shawn Michaels
53%
Shawn Michaels '05
53%
Shawn Michaels '09
53%
Shawn Michaels '94
53%
Smackdown Tiffany Stratton
53%
NXT Trick Williams
53%
Trick Williams '22
53%
Raw Alexa Bliss
50%
Smackdown Angelo Dawkins
50%
Smackdown Austin Theory
50%
Smackdown Bobby Lashley
50%
Raw Chad Gable
50%
Chad Gable '16
50%
Smackdown Jade Cargill
50%
Smackdown LA Knight
50%
Legend Shane McMahon
50%
Triple H '08
50%
Triple H '14
50%
Triple H (King Of Kings)
50%
Raw Asuka
47%
Persona Asuka (64 Bit)
47%
Raw Becky Lynch
47%
Becky Lynch '18
47%
Becky Lynch '19
47%
Raw Braun Strowman
47%
Smackdown Butch
47%
HOF Diesel
47%
Raw Giovanni Vinci
47%
Raw JD McDonagh
47%
Raw Johnny Gargano
47%
HOF Rikishi
47%
Raw R-Truth
47%
Smackdown Sheamus
47%
HOF Ultimate Warrior
47%
HOF Umaga
47%
Smackdown Zelina Vega
47%
NXT Axiom
44%
DLC/HOF Bubba Ray Dudley
44%
Raw Chelsea Green
44%
DLC/HOF D-Von Dudley
44%
HOF Eddie Guerrero
44%
HOF Honky Tonk Man
44%
HOF Lita
44%
HOF Macho King Randy Savage
44%
Smackdown Montez Ford
44%
Smackdown MVP
44%
Raw Otis
44%
Raw Tommaso Ciampa
44%
In New Day Zero
44%
Manager Adam Pearce
42%
Smackdown Alba Fyre
42%
Raw Bronson Reed
42%
Raw Candice LeRae
42%
Raw Dragon Lee
42%
Smackdown Grayson Waller
42%
Smackdown Karl Anderson
42%
HOF Kevin Nash
42%
Smackdown Luke Gallows
42%
Raw Natalya
42%
Smackdown Omos
42%
HOF Rowdy Roddy Piper
42%
HOF Trish Stratus
42%
Raw Akira Tozawa
39%
HOF British Bulldog
39%
Charlotte Flair '17
39%
Charlotte Flair '19
39%
CM Punk '10
39%
CM Punk (Masked)
39%
CM Punk (Piper)
39%
CM Punk (S.E.S.)
39%
Eddie Guerrero '97
39%
Raw Julius Creed
39%
HOF Mankind
39%
Raw Ricochet
39%
NXT Ridge Holland
39%
NXT Roxanne Perez
39%
HOF Scott Hall
39%
Smackdown Tyler Bate
39%
Raw Uncle Howdy
39%
Uncle Howdy '24
39%
HOF Wade Barrett
39%
NXT Wes Lee
39%
Raw Zoey Stark
39%
Raw Brutus Creed
36%
Cody Rhodes (Elite)
36%
Cody Rhodes (Undashing)
36%
Smackdown Elton Prince
36%
Smackdown Isla Dawn
36%
Raw Ivar
36%
Raw Ivy Nile
36%
HOF JBL
36%
HOF Jim Neidhart
36%
Legend Juan Cena
36%
Raw Piper Niven
36%
Raw Raquel Rodriguez
36%
Roman Reigns '15
36%
Roman Reigns '24
36%
Roman Reigns (64 Bit)
36%
Smackdown Santos Escobar
36%
Raw Shayna Baszler
36%
Raw Valhalla
36%
HOF X-Pac
36%
NXT Andre Chase
33%
Smackdown Angel Garza
33%
NXT Baron Corbin
33%
Manager B-Fab
33%
HOF Big Boss Man
33%
Bray Wyatt '20
33%
Bray Wyatt '20 (NWO)
33%
Bray Wyatt '20 (SNME)
33%
Bray Wyatt (Elite)
33%
HOF Bruno Sammartino
33%
Raw Dexter Lumis
33%
Raw Erik
33%
HOF Faarooq
33%
HOF Hollywood Hogan
33%
Raw Jinder Mahal
33%
NXT Joe Gacy
33%
John Cena '20
33%
John Cena '20 (2002)
33%
John Cena '20 (DOC)
33%
John Cena '20 (NWO)
33%
John Cena '20 (SNME)
33%
John Cena '20 (WM30)
33%
John Cena (Elite)
33%
John Cena (Prototype)
33%
Raw Maxxine Dupri
33%
HOF Muhammad Ali
33%
DLC Pat Mcaffee
33%
HOF Rick Steiner
33%
Smackdown Robert Roode
33%
Smackdown Scarlett
33%
HOF Scott Steiner
33%
Scott Steiner '98
33%
Raw Sonya Deville
33%
Smackdown Tamina
33%
The Rock (Elite)
33%
HOF William Regal
33%
Smackdown Apollo Crews
31%
HOF Cactus Jack
31%
Smackdown Cedric Alexander
31%
HOF Chyna
31%
DLC/HOF DDP
31%
HOF Doink The Clown
31%
Raw Ilja Dragunov
31%
Raw Indi Hartwell
31%
Smackdown Joaquin Wilde
31%
Smackdown Kit Wilson
31%
Legend Maryse
31%
DLC/HOF Michelle McCool
31%
Manager Mick Foley
31%
Molly Holly
31%
Randy Orton '02
31%
Randy Orton '09
31%
Randy Orton '15
31%
HOF Ricky Steamboat
31%
Raw Shinsuke Nakamura
31%
Pre-Order Stardust
31%
NXT Tony D'Angelo
31%
DLC AJ Hawk
28%
HOF Beth Phoenix
28%
Raw Carmella
28%
NXT Channing Lorenzo
28%
HOF Dude Love
28%
NXT Fallon Henley
28%
Smackdown Humberto Carrillo
28%
HOF Jerry The King Lawler
28%
NXT Joe Coffey
28%
HOF King Booker
28%
NXT Mark Coffey
28%
Smackdown Michin
28%
Michin (64 Bit)
28%
Manager Paul Bearer
28%
HOF Ravishing Rick Rude
28%
HOF Rob Van Dam
28%
Legend Ronda Rousey
28%
Pre-Order Superstar Billy Graham
28%
HOF Ted Dibiase
28%
DLC Terry Funk
28%
NXT Thea Hail
28%
DLC The Fiend '23
28%
NXT Ashante Adonis
25%
Bad Bunny
25%
Manager Bobby Heenan
25%
NXT Duke Hudson
25%
HOF George The Animal Steele
25%
NXT Jacy Jayne
25%
Raw Katana Chance
25%
Raw Kayden Carter
25%
DLC/HOF Mr. Perfect
25%
NXT Nathan Frazer
25%
HOF Razor Ramon
25%
HOF The Hurricane
25%
HOF Vader
25%
NXT Blair Davenport
22%
HOF Boogeyman
22%
Smackdown Cruz Del Toro
22%
HOF Eric Bischoff
22%
Hulk Hogan '02
22%
Hulk Hogan (Elite)
22%
Hulk Hogan (Ichiban)
22%
DLC/HOF Lex Luger
22%
NXT Lyra Valkyria
22%
HOF Mighty Molly
22%
NXT Nikkita Lyons
22%
NXT Wolfgang
22%
NXT Brooks Jensen
19%
NXT Drew Gulak
19%
NXT Gigi Dolin
19%
HOF Harley Race
19%
DLC/HOF Headbanger Mosh
19%
DLC/HOF Headbanger Thrasher
19%
Kane '08
19%
HOF Ken Shamrock
19%
NXT Noam Dar
19%
Smackdown Shotzi
19%
DLC The Great Muta
19%
Manager Theodore Long
19%
Dominik Mysterio (Masked)
17%
HOF Eve Torres
17%
HOF Jake The Snake Roberts
17%
NXT Josh Briggs
17%
DLC Post Malone
17%
DLC/HOF Sandman
17%
Raw Sanga
17%
Tegan Nox
17%
HOF The Iron Sheik
17%
Legend Tyler Breeze
17%
Raw Veer Mahaan
17%
NXT Wendy Choo
17%
Smackdown Cameron Grimes
14%
NXT Dijak
14%
Kevin Owens (Stone Cold)
14%
Manager Miss Elizabeth
14%
DLC/HOF Sensational Sherri
14%
HOF Stacy Keibler
14%
DLC Boston Connor
11%
Manager Cathy Kelley
11%
NXT Damon Kemp
11%
DLC Darius Butler
11%
NXT Scrypts
11%
HOF Syxx
11%
Sheamus '09
8%
DLC TY Schmit
8%
HOF Jean-Paul Levesque
6%
Macho Man (Slimjim)
3%
Raquel Rodriguez (64 Bit)
3%
Xavier Woods (64 Bit)
3%
No matching quizzes found
Score Distribution
Percent of People with Each Score
Percentile by Number Answered
Your Score History
You have not taken this quiz